000 00637nam a2200241Ia 4500
003 OSt
005 20220918202629.0
006 a|||||r|||| 00| 0
007 ta
008 220917b |||||||| |||| 00| 0 eng d
024 _a102,650
037 _cTextual
040 _aARTS
_cARTS
_beng
041 _2eng
_aeng
082 _aV237.N7, M0
100 _aChib Sukhdev Singh
_943244
245 0 _aThis beautiful India
_b Bihar
260 _aNew Delhi
_bLight and Life
_c1980
300 _axi,153p. illus
_ccm.
650 _aHISTORY
942 _hV237.N7, M0
_cTEXL
_2CC
999 _c226102
_d226102